000
00263nam a22000857a 4500
008
160701b xxu||||| |||| 00| 0 eng d
100
_9
1740
_a
A Board of Experienced Authors
245
_a
Solutions to Mathematics - X
260
_a
New Delhi
_b
Asha Prakas Publication
_c
2005
999
_c
1446
_d
1446